000 00250nam a22000977a 4500
008 170125b xxu||||| |||| 00| 0 eng d
041 _aeng
080 _22ND
_a618.2
245 _aGUIDE TO CLINICAL PREVENTIVE SERVICES
_cWILLIAM & WILKINS
942 _2udc
_cBK
999 _c3584
_d3584